Eliminate #2 - Oceania Countries - Statistics

General Stats
  • This quiz has been taken 52 times
  • The average score is 10 of 14
Answers on the Map
Answers color-coded by a green-red scale on the quiz's map according to % correct below.
 
Answer Stats
Answer % Correct
Fiji
100%
Kiribati
100%
Australia
95%
New Zealand
93%
Papua New Guinea
86%
Tuvalu
86%
Samoa
77%
Palau
67%
Tonga
67%
Nauru
58%
Vanuatu
58%
Federated States of Micronesia
56%
Solomon Islands
53%
Marshall Islands
51%
No matching quizzes found
Score Distribution
Percent of People with Each Score
Percentile by Number Answered
Your Score History
You have not taken this quiz